000 00507nam a22001817a 4500
999 _c190195
_d190195
005 20220720123550.0
010 _aENG-133719
020 _a9789384335335
_c750.00
035 _aEN-117251
037 _bDBAD/PUB
082 _a294.548693
100 _aMehta, M.N.
245 _aCow Protection & Politics/
_cM.N.Mehta
260 _aDelhi
_bMukund Publication
_c2019
270 _aE-11/5, Krishna Nagar
_bDelhi
_e110051
300 _a248p.
_c22cm(hbk)
942 _2ddc
_cEN
_h294.548693
_mMEH